Hovoríme.../inc./

Bibliographic Details
Main Authors: Tyčina, Pavlo (Author), Tyčyna, Pavlo, 1891-1967 (Author)
Format: Article
Language:Slovak
Subjects:

MARC

LEADER 00000nab a2200000 a 4500
001 vtls000078988
003 SK-MaSNL
005 20260303180018.0
008 150430c1981 xo 0 slo
015 |a SNBRB19rr/mm-uuuuu 
035 |a CL0089089 
040 |a SNKBUCL  |b slo  |c SNKBUCL  |e AACR2 
041 0 |a slo 
044 |a xo  |c SK 
080 |a 883-1  |2 1981 
100 1 |a Tyčina, Pavlo  |4 aut  |9 1150733 
245 1 0 |a Hovoríme.../inc./  |c Pavlo Tyčina ; Pavlo Tyčyna 
650 0 7 |a básne lyrické  |2 snkbucl  |9 403933 
650 0 7 |a sovietska literatúra  |2 snkbucl  |9 22300 
655 7 |a články z novín a časopisov  |2 snkbucl  |9 267496 
655 7 |a články z odboru literárna veda a krásna literatúra  |2 snkbucl  |9 770045 
700 1 |a Tyčyna, Pavlo,  |d 1891-1967  |4 aut  |9 926440 
773 0 |t Hlas ľudu  |g Roč. 27, č. 24 (29. 1. 1981), s. 6 
850 |a Slovenská národná knižnica v Martine  |a MTA001 
852 |a SNK  |b KIS3GCP 
958 |a RK 
958 |a LX 
958 |a SK 
992 |a RBX 
999 |c 2104366  |d 2106296